| 000 | 00934nam a2200265 a 4500 | ||
|---|---|---|---|
| 999 |
_c329807 _d329807 |
||
| 001 | 1050042 | ||
| 003 | NUST | ||
| 005 | 20170523121619.0 | ||
| 008 | 900221r19891897pk 000 0 eng | ||
| 010 | _a 89932085 | ||
| 040 |
_aDLC _cDLC |
||
| 043 | _aa-pk--- | ||
| 050 | 0 | 0 |
_aDS392.P45 _bG39 1989 |
| 082 | 0 | 0 |
_a954.9123 GAZ _221 |
| 245 | 0 | 0 | _aGazetteer of the Peshawar District, 1897-98. |
| 246 | 1 | 7 | _aPunjab gazetteer, Peshawar District |
| 260 |
_aLahore, Pakistan : _bSang-e-Meel Publications, _c1989. |
||
| 300 |
_aiii, xiii, 392 p. ; _c24 cm. |
||
| 500 | _aRunning title: Punjab gazetteer, Peshawar District. | ||
| 500 | _aPreviously published: 1897. | ||
| 651 | 0 |
_aPeshawar District (Pakistan) _91310 |
|
| 906 |
_a7 _bcbc _corignew _d3 _encip _f19 _gy-gencatlg |
||
| 942 |
_2ddc _cBK |
||